000 00537nam a2200157 4500
008 050330s2000 can chi
020 _a1553360117
090 _aBV4509.C5
_bM11s
100 0 _aMaak, Wing-Huen
245 1 0 _aSharing from the heart {ch} /
_cWing-Huen Maak.
260 _aScarborough, Ontario, Canada :
_bChristian Communication Inc. of Canada,
_c2000.
300 _a191 p.
650 4 _aProse literature {ch}.
650 4 _aShort stories {ch}.
951 _pC-6106
_x00032383
_oBV4509.C5/M11s
_j070613111448421
_d2000-12-21
_cCH
999 _c22977
_d22977